Normal view
MARC view
Entry Topical Term
001 - CONTROL NUMBER
- control field: 40890
003 - CONTROL NUMBER IDENTIFIER
- control field: ARRUPE
005 - DATE AND TIME OF LATEST TRANSACTION
- control field: 20180323085304.0
008 - FIXED-LENGTH DATA ELEMENTS
- fixed length control field: 180323|| aca||aabn | a|a d
040 ## - CATALOGING SOURCE
- Original cataloging agency: ARRUPE
- Transcribing agency: ARRUPE
150 ## - HEADING--TOPICAL TERM
- Topical term or geographic name as entry element:
- Topical term following geographic name as entry element: Xhosa (African people)
- General subdivision: Religion
670 ## - SOURCE DATA FOUND
- Source citation: Work cat.: (ARRUPE)25059: Hodgson, Janet 40889, The God of the Xhosa, 1982